LEADER 01082nam0 2200325 450 001 000025825 005 20090521120822.0 010 $a88-7018-040-9 100 $a20090521d1987----km-y0itaa50------ba 101 0 $aita 102 $aIT 200 1 $a<>ironia$fVladimir Jankélévitch$ga cura di Fernanda Canepa 210 $aGenova$c<> Melangolo$dc1987 215 $a169 p.$d21 cm 225 2 $aOpuscula$v13 410 0$12001$aOpuscula$v13 606 1 $aRetorica 606 1 $aIronia 676 $a111.85$v(21. ed.)$9Proprietà classiche dell'essere. Bellezza 700 1$aJankélévitch,$bVladimir$0757339 702 1$aCanepa,$bFernanda 801 0$aIT$bUniversità della Basilicata - B.I.A.$gRICA$2unimarc 912 $a000025825 996 $aIronia$91528481 997 $aUNIBAS BAS $aLETTERE CAT $aEXT10$b01$c20090521$lBAS01$h1208 CAT $aEXT10$b01$c20090521$lBAS01$h1208 FMT Z30 -1$lBAS01$LBAS01$mBOOK$1BASA1$APolo Storico-Umanistico$2FMAS$BFondo Masini$3FMas/817/2593$6817/2593$5B817/2593$820090521$f04$FPrestabile Didattica